Wordt geladen...

البجعلت المتوحشات

Bibliografische gegevens
Hoofdauteurs: عبد الله الكبير, Abdhulla kabeer
Formaat: Printed Book
Gepubliceerd in: المكتبة الحضراء للاْطفال ;
Onderwerpen:
LEADER 00558nam a22001577a 4500
999 |c 296117  |d 296117 
082 |a 813.1  |b ABD/B 
100 |a عبد الله الكبير 
100 |a Abdhulla kabeer 
245 |a البجعلت المتوحشات  |c Bajaathul muthavahishath 
260 |b المكتبة الحضراء للاْطفال ; 
300 |a 46p. 
650 |a short stories in arabic 
650 |a children's stories 
942 |c BK 
952 |0 0  |1 0  |4 0  |6 813_100000000000000_ABD_B  |7 0  |9 315421  |a ARA  |b ARA  |d 2020-08-18  |l 0  |o 813.1 ABD/B  |p ARA1729  |r 2020-08-18  |w 2020-08-18  |y BK